000 00687nam a22002057a 4500
005 20140728143333.0
010 _aENG-110051
020 _a9789380607955
_c995.00
035 _aEN-93584
037 _bDBAD/PUB
082 _a954
100 _aSen, Satadru
245 _aTraces of empire :
_cby Satadru Sen
_bIndia,America and postcolonical cultures: essays and criticism /
260 _a Delhi
_bPrimus Books
_c2014
270 _aVirat Bhavan ,Mukherjee Nagar Commercial Complex
_b Delhi
_e110009
300 _aviii,262p. :
_b25cm(Hb)
_cill.
500 _a Includes bibliographical references (pages 251-255) and index.
700 _a
942 _2ddc
_cEN
_mSEN
_h954
999 _c84416
_d84416